Kamus Inggeris-Melayu untuk penterjemahan
| Other Authors: | |
|---|---|
| Format: | Book |
| Published: |
Pahang :
PTS publications & distributors sdn.bhd ,
2004
|
| Subjects: |
MARC
| LEADER | 00000cam a2200000 7i4500 | ||
|---|---|---|---|
| 001 | 0000030544 | ||
| 005 | 20110208.0 | ||
| 008 | 110208 | ||
| 020 | |a 9831925661 | ||
| 090 | 0 | 0 | |a 423.9923 |b AIN |
| 245 | 1 | 0 | |a Kamus Inggeris-Melayu untuk penterjemahan |c Ainon Mohd & Abdullah Hassan |
| 260 | |a Pahang : |b PTS publications & distributors sdn.bhd , |c 2004 | ||
| 650 | 0 | |a English language Dictionary -malay |x malay language dictionary english |x Translation- dictionary | |
| 700 | 1 | |a Abdullah Hassan | |
| 999 | |a 0001028333 |b Book |c Adult Collection |e Cawangan AEON Kulaijaya | ||